000 00320nam a2200133Ia 4500
008 210210b1988 xxu||||| |||| 00| 0 eng d
082 _a910.4 LYLL
100 _aLYLE (Garry).
245 _aLet's visit Cyprus.
260 _aLondon
_bMacmillan Publishers Ltd.
_c1988
300 _a96
690 _aAtlas
906 _a047001
999 _c96467
_d96467